Dos veces en el mismo río : (Registro nro. 8471)
[ vista simple ]
| 000 -CABECERA | |
|---|---|
| campo de control de longitud fija | 02574nam a2200289 c 4500 |
| 001 - NÚMERO DE CONTROL | |
| campo de control | 991061024470608606 |
| 003 - IDENTIFICADOR DEL NÚMERO DE CONTROL | |
| campo de control | SpMaBN |
| 005 - FECHA Y HORA DE LA ÚLTIMA TRANSACCIÓN | |
| campo de control | 20251030062524.0 |
| 008 - DATOS DE LONGITUD FIJA--INFORMACIÓN GENERAL | |
| campo de control de longitud fija | 240820s2024 sp | |||| 000 0 spa |
| 015 ## - NÚMERO DE BIBLIOGRAFÍA NACIONAL | |
| Número de bibliografía nacional | MON24 |
| 017 ## - NÚMERO DE COPYRIGHT O DE DEPÓSITO LEGAL | |
| Número de copyright o de depósito legal | B 672-2024 |
| Agencia que asigna | Oficina Depósito Legal Barcelona |
| 020 ## - NÚMERO INTERNACIONAL ESTÁNDAR DEL LIBRO | |
| Número Internacional Estándar del Libro | 9788419851406 |
| 040 ## - FUENTE DE LA CATALOGACIÓN | |
| Centro catalogador/agencia de origen | SpMaBN |
| Lengua de catalogación | spa |
| Centro/agencia transcriptor | SpMaBN |
| Normas de descripción | rda |
| 041 1# - CÓDIGO DE LENGUA | |
| Código de lengua del texto/banda sonora o título independiente | spa |
| Código de lengua original | fin |
| 082 ## - NÚMERO DE LA CLASIFICACIÓN DECIMAL DEWEY | |
| Número de clasificación | 355.02 O41d 2024 |
| 100 1# - ENTRADA PRINCIPAL--NOMBRE DE PERSONA | |
| Autor Personal | Oksanen, Sofi |
| Fechas asociadas al autor | 1977- |
| 240 10 - TÍTULO UNIFORME | |
| Título uniforme | Samaan Virtaan |
| Lenguaje de la obra | Español |
| 245 10 - MENCIÓN DE TÍTULO | |
| Título | Dos veces en el mismo río : |
| Resto del título | la guerra de Putin contra las mujeres / |
| Mención de responsabilidad, etc. | Sofi Oksanen ; traducción del finlandés de Laura Pascual Antón |
| 264 #1 - PRODUCCIÓN, PUBLICACIÓN, DISTRIBUCIÓN, FABRICACIÓN Y COPYRIGHT | |
| Producción, publicación, distribución, fabricación y copyright | Barcelona : |
| Nombre del de productor, editor, distribuidor, fabricante | Salamandra |
| Fecha de producción, publicación, distribución, fabricación o copyright | 2024. |
| 300 ## - DESCRIPCIÓN FÍSICA | |
| Extensión | 267 páginas. |
| 490 0# - MENCIÓN DE SERIE | |
| Mención de serie | Miradas |
| 504 ## - NOTA DE BIBLIOGRAFÍA, ETC. | |
| Nota de bibliografía, etc. | Incluye referencias bibliográficas |
| 505 ## - NOTA DE CONTENIDO CON FORMATO | |
| Nota de contenido con formato | Dos años después de la invasión rusa de Ucrania, Sofi Oksanen, reconocida como una de las narradoras escandinavas más brillantes gracias a novelas tan aclamadas como Purga, se adentra por primera vez en el campo de la no ficción con una crónica tan urgente como necesaria, tan implacable como estremecedora, sobre los crímenes sexuales de las tropas rusas en territorio ucraniano. Y lo hace tomando como hilo conductor dos dramas separados por ocho décadas: el de su tía abuela estonia que, tras una noche de vejaciones por parte del ejército soviético en 1944, enmudeció para siempre, y el de muchas personas que hoy siguen padeciendo un destino similar a manos de los soldados rusos.<br/><br/>A partir de estos casos, Sofi Oksanen nos muestra cómo, aunque nadie se bañe dos veces en el mismo río, la historia del<br/>imperialismo ruso no deja de repetirse. Así, la hoja de ruta de Putin recuerda a la de la emperatriz Catalina la Grande en Crimea en 1783 y a la de la Unión Soviética de Stalin, y las tres comparten el mismo modus operandi: negar la cultura e incluso la humanidad del supuesto enemigo, echando mano de una incesante propaganda y repitiendo el mito de la invencibilidad rusa, deportar o asesinar a poblaciones enteras y usar la violencia sexual como un arma más en el contexto de la guerra.<br/><br/>Lleno de lucidez, rabia y esperanza, Dos veces en el mismo río es una indagación de primer orden sobre la historia de la misoginia en Rusia y una valiosa reflexión acerca de las tropelías de los ejércitos, que da voz a las víctimas de unas prácticas que podríamos creer superadas, pero que nunca han llegado a desaparecer. |
| 650 #0 - PUNTO DE ACCESO ADICIONAL DE MATERIA--TÉRMINO DE MATERIA | |
| Término de materia o nombre geográfico como elemento de entrada | Guerra de Ucrania |
| Subdivisión cronológica | 2022 - |
| Subdivisión general | Mujeres |
| 9 (RLIN) | 104 |
| 700 1# - PUNTO DE ACCESO ADICIONAL--NOMBRE DE PERSONA | |
| Autor secundario (Nombre de persona) | Pascual, Laura |
| Rol del Coautor | traductor |
| 942 ## - ELEMENTOS DE PUNTO DE ACCESO ADICIONAL (KOHA) | |
| Fuente del sistema de clasificación o colocación | Dewey Decimal Classification |
| Tipo de ítem Koha | Libros |
| Catalogador | Elizabeth Figueroa |
| Estado de retiro | Estado de pérdida | Fuente del sistema de clasificación o colocación | Estado dañado | No para préstamo | Código de colección | Localización permanente | Ubicación/localización actual | Ubicación en estantería | Fecha de adquisición | Número de inventario | Total de préstamos | Signatura topográfica completa | Código de barras | Fecha visto por última vez | Número de copia | Precio válido a partir de | Tipo de ítem Koha |
|---|---|---|---|---|---|---|---|---|---|---|---|---|---|---|---|---|---|
| Dewey Decimal Classification | Colección General | SIBM UNADE - Biblioteca Sede Central | SIBM UNADE - Biblioteca Sede Central | En estantería | 10/29/2025 | 25-03383 | 355.02 O41d 2024 | 25-03383 | 10/29/2025 | e.1 | 10/29/2025 | Libros |
